00283nam a2200109 a 450000500170000000800410001705000200005810000170007824500320009526000350012765000110016220140414131847.0100712s19uu xx 00 eng d aM 323bH86 2001 aHudson, Wade aFive bold freedom fighters. aNew York :bScholastic,c2001. aHeroes